000 01572cam a22004094a 4500
999 _c6736
_d6736
001 15581446
003 GBCCL
005 20241126110610.0
008 081224s2009 ii b 101 0 eng
010 _a 2009340016
020 _a9788180694479
020 _a918069447X
025 _aI-E-2009-340016; 13-91
035 _a(IN-NdUBS)UBS08003674
037 _bLibrary of Congress -- New Delhi Overseas Office
_cRs750.00
040 _aDLC
_cDLC
_dDLC
042 _alcode
043 _aa-ii---
050 0 0 _aBR115.C8
_bC4443 2009
082 _a261.09541
_bCHR
245 0 0 _aChristianity and change in Northeast India /
_cedited by T.B. Subba, Joseph Puthenpurakal, Shaji Joseph Puykunnel.
260 _aNew Delhi :
_bConcept Pub. Co.,
_c2009.
300 _axxi, 362 p. ;
_c22 cm.
504 _aIncludes bibliographical references and index.
520 _aContributed seminar papers.
650 0 _aChristianity and culture
_zIndia, Northeastern
_vCongresses.
_912107
650 0 _aChristianity
_zIndia, Northeastern
_xInfluence
_vCongresses.
_912108
650 0 _aTribes
_zIndia, Northeastern
_xSocial life and customs
_vCongresses.
_912109
650 0 _aWomen in church work
_zIndia, Northeastern
_vCongresses.
_912110
700 1 _aSubba, Tanka Bahadur.
_912111
700 1 _aPuthenpurakal, Joseph.
_912112
700 1 _aPuykunnel, Shaji Joseph.
_912113
856 4 1 _3Table of contents only
_uhttp://www.loc.gov/catdir/toc/fy0903/2009340016.html
906 _a7
_bcbc
_corigode
_d3
_encip
_f20
_gy-gencatlg
942 _2ddc
_cBK
_019